| 000 | 00472nam a2200157Ia 4500 | ||
|---|---|---|---|
| 008 | 210716s1998 xx 000 0 und d | ||
| 020 | _a0538867590 | ||
| 041 | _aeng | ||
| 082 | _a658.802 LARJ | ||
| 100 | _aLarreche, Jean-Claude;Gatignon, Hubert. | ||
| 245 |
_aMarkstrat 3: the strategic marketings simulation. _bStrategic marketings simulation. |
||
| 250 | _a1 | ||
| 260 |
_aOhio _bSouth western college publishing _c1998 |
||
| 300 | _axiii,210 | ||
| 650 | _aMarketing | ||
| 999 |
_c198256 _d198256 |
||